Doctrinas y conceptos juridicos 1997 (Registro nro. 56869)

Detalles MARC
000 -CABECERA
campo de control de longitud fija 00633nab a2200241 a 4500
001 - NÚMERO DE CONTROL
campo de control 56869
003 - IDENTIFICADOR DEL NÚMERO DE CONTROL
campo de control 128021
005 - FECHA Y HORA DE LA ÚLTIMA TRANSACCIÓN
campo de control 20201118103247.0
008 - DATOS DE LONGITUD FIJA--INFORMACIÓN GENERAL
campo de control de longitud fija ||||||n9999 ||| || ||
041 ## - CÓDIGO DE LENGUA
Código de lengua del texto/banda sonora o título independiente spa
100 ## - ENTRADA PRINCIPAL--NOMBRE DE PERSONA
Nombre de persona Ucros Barros, Cesar
245 #0 - MENCIÓN DE TÍTULO
Título Doctrinas y conceptos juridicos 1997
260 ## - PUBLICACIÓN, DISTRIBUCIÓN, ETC.
Lugar de publicación, distribución, etc. Bogotá :
Nombre del editor, distribuidor, etc. La Superintendencia,
Fecha de publicación, distribución, etc. 1998.
300 ## - DESCRIPCIÓN FÍSICA
Extensión 431p.
562 ## - NOTA DE IDENTIFICACIÓN DE LA COPIA Y VERSIÓN
Número de copias 2
650 ## - PUNTO DE ACCESO ADICIONAL DE MATERIA--TÉRMINO DE MATERIA
Término de materia o nombre geográfico como elemento de entrada ANALISIS NORMATIVO
650 ## - PUNTO DE ACCESO ADICIONAL DE MATERIA--TÉRMINO DE MATERIA
Término de materia o nombre geográfico como elemento de entrada COLOMBIA
650 ## - PUNTO DE ACCESO ADICIONAL DE MATERIA--TÉRMINO DE MATERIA
Término de materia o nombre geográfico como elemento de entrada LEY 222 DE 1995
650 ## - PUNTO DE ACCESO ADICIONAL DE MATERIA--TÉRMINO DE MATERIA
Término de materia o nombre geográfico como elemento de entrada RELACIONES COMERCIALES
650 ## - PUNTO DE ACCESO ADICIONAL DE MATERIA--TÉRMINO DE MATERIA
Término de materia o nombre geográfico como elemento de entrada SUPERINTENDENCIA DE SOCIEDADES
773 ## - ENLACE AL DOCUMENTO FUENTE/ENTRADA DE REGISTRO ANFITRIÓN
Número bibliográfico anfitrión 29682
Encabezamiento principal Doctrinas y conceptos juridicos
942 ## - ELEMENTOS DE PUNTO DE ACCESO ADICIONAL (KOHA)
Tipo de ítem Koha Documento Gobierno
Existencias
Estado de retiro Estado de pérdida Estado dañado No para préstamo Código de colección Localización permanente Ubicación/localización actual Coste, precio normal de compra Total de préstamos Signatura topográfica completa Código de barras Número de copia Tipo de ítem Koha Fecha de adquisición Fecha visto por última vez Fecha del último préstamo
        Documentos de Gobierno Bogotá - Sede Central Bogotá - Sede Central 35000.00   D.G.15 1997 77574 1 Documento Gobierno      
        Documentos de Gobierno Popayán - Sede Cauca Popayán - Sede Cauca 35000.00 1 D.G.15 1997 CAU6226 2 Documento Gobierno 17/01/2023 27/05/2024 27/05/2024